Libro de ver y andar

Shranjeno v:
Bibliografske podrobnosti
Glavni avtor: Latcham, Ricardo Antonio (Author)
Format: Knjiga
Jezik:španščina
Izdano: Santiago Andres bello 1970
Izdaja:1a. ed
Teme:
Oznake: Označite
Brez oznak, prvi označite!

MARC

LEADER 00000cam a2200000 a 4500
001 UCE4945
003 CL-VaPUC
008 141120e19700000cl |||||||||||||||||spa|d
082 0 4 |a Ch864  |b LAT  |2 21 
100 |a Latcham, Ricardo Antonio  |e author  |9 420817 
245 1 0 |a Libro de ver y andar 
250 |a 1a. ed 
300 |a 466 p 
942 |c BK 
945 |d 20141120 11:52:00  |a arojas 
260 |a Santiago  |b Andres bello  |c 1970 
650 0 |a Ensayos chilenos   |9 269132 
650 0 |a Literatura chilena   |9 308278 
583 |a last modification  |c 20141120 11:52:00  |k Rodrigo Vera 
999 |c 357800  |d 357798 
952 |0 0  |1 0  |3 erb  |4 0  |6 CH_864_000000000000000_LAT_1970  |7 0  |8 X  |9 465890  |a FDOBUD  |b FDOBUD  |i 5107849  |o Ch864 LAT 1970  |p 5107849  |r 2019-11-23  |w 2019-11-23  |y BK_X  |z Catalogado en:20141120  |k BUD